[Event "SR 3. liga A2 2016/2017"]
[Site "?"]
[Date "2016.10.16"]
[Round "1.5"]
[White "Palka, Miroslav"]
[Black "Liptak, Dusan"]
[Result "1/2-1/2"]
[WhiteElo "1929"]
[BlackElo "2127"]
[PlyCount "116"]
[EventDate "2016.??.??"]

1. c4 d6 2. d4 e5 3. dxe5 dxe5 4. Qxd8+ Kxd8 5. Nc3 Be6 6. e4 Nd7 7. Be3 c6 8.
Nf3 f6 9. Be2 Kc7 10. O-O-O Nh6 11. h3 Nf7 12. Rd2 Bb4 13. Rhd1 Nc5 14. Rc2 b6
15. Nd2 Nd6 16. f3 Nd7 17. Nd5+ Bxd5 18. cxd5 Bxd2+ 19. Rdxd2 Nb8 20. Rc3 Rc8
21. dxc6 Nxc6 22. Ba6 Kd7 23. Bxc8+ Rxc8 24. Kd1 Ke7 25. Rdc2 Kd7 26. a3 Ne7
27. Rxc8 Ndxc8 28. Ke2 Nd6 29. a4 Nc6 30. Kf2 Nb4 31. Rc3 g6 32. Rb3 Nc6 33.
Rd3 Nb4 34. Rd1 Kc6 35. b3 Nb7 36. Rc1+ Kd7 37. Ke2 Na5 38. Rd1+ Ke7 39. Bd2
Nac6 40. Bxb4+ Nxb4 41. Kd2 Na6 42. Kc3 Nc5 43. Kc4 f5 44. exf5 gxf5 45. a5 Ne6
46. axb6 axb6 47. Ra1 Nf4 48. Ra2 Kd6 49. Kb5 e4 50. fxe4 fxe4 51. g3 Nxh3 52.
Kc4 Ke5 53. Rh2 Ng5 54. Rh5 Kf5 55. Kd4 Kg4 56. Rh6 Kxg3 57. Ke3 b5 58. b4 Kg4
1/2-1/2

[Event "SR 3. liga A2 2016/2017"]
[Site "?"]
[Date "2016.10.16"]
[Round "1.5"]
[White "Kovacocy, Pavel"]
[Black "Palka, Martin"]
[Result "1-0"]
[WhiteElo "2216"]
[BlackElo "1883"]
[PlyCount "147"]
[EventDate "2016.??.??"]

1. e4 c6 2. d4 d5 3. exd5 cxd5 4. Bd3 Nf6 5. c3 Nc6 6. Bf4 Bg4 7. Qb3 Qc8 8.
Nd2 e6 9. Ngf3 Be7 10. O-O O-O 11. Rae1 Bxf3 12. Nxf3 h6 13. Ne5 Nxe5 14. dxe5
Nd7 15. Qd1 f5 16. exf6 Rxf6 17. Bg3 Qc6 18. Qg4 Nf8 19. Be5 Rf7 20. Qg3 Rd8
21. Be2 Kh7 22. Bg4 Bf6 23. Qd3+ g6 24. Qh3 Bxe5 25. Rxe5 Rd6 26. Rfe1 Rf6 27.
Qe3 Qb6 28. Qe2 Kg7 29. Re3 Qa6 30. Qxa6 Rxa6 31. a3 Kf7 32. g3 Rb6 33. R1e2
Rd6 34. Rd2 Rc6 35. Bd1 Rc7 36. Rd4 Nd7 37. Bb3 Nc5 38. Bc2 Nd7 39. Bd3 Nb6 40.
a4 Nc8 41. c4 dxc4 42. Bxc4 Nb6 43. Bb3 Rd7 44. Rxd7+ Nxd7 45. Rc3 Ke7 46. Rc7
b6 47. Rxa7 Kd6 48. Bc4 g5 49. Be2 e5 50. b4 e4 51. a5 bxa5 52. bxa5 Nc5 53.
Ra8 Kc7 54. Re8 Rd6 55. Re7+ Kc6 56. a6 Kb6 57. a7 Rd8 58. Rh7 Ra8 59. Rxh6+
Kxa7 60. Rg6 Rf8 61. Rxg5 Kb6 62. Rd5 Kc6 63. Rd1 Ne6 64. h4 Kc5 65. Kg2 Nd4
66. Bg4 Kd5 67. Ra1 Rg8 68. Bh3 Ke5 69. Ra5+ Kf6 70. Rd5 Nf3 71. Kf1 e3 72. g4
Nxh4 73. fxe3 Ng6 74. Rd6+ 1-0

[Event "SR 3. liga A2 2016/2017"]
[Site "?"]
[Date "2016.10.16"]
[Round "1.5"]
[White "Lanik, Miroslav"]
[Black "Cechovic, Stefan"]
[Result "1/2-1/2"]
[WhiteElo "1876"]
[BlackElo "2137"]
[PlyCount "66"]
[EventDate "2016.??.??"]

1. e4 c6 2. d4 d6 3. Nc3 Qc7 4. Be3 e5 5. h3 Nf6 6. Nge2 Be7 7. Qd2 O-O 8. g4
b5 9. Ng3 b4 10. Nce2 a5 11. Bg2 c5 12. d5 Ba6 13. g5 Nfd7 14. Nf5 Nb6 15.
Nxe7+ Qxe7 16. b3 Bxe2 17. Qxe2 a4 18. O-O N8d7 19. Qg4 axb3 20. axb3 Rxa1 21.
Rxa1 Ra8 22. Rxa8+ Nxa8 23. Qe2 Nc7 24. Qd3 Qe8 25. f4 Qa8 26. h4 Qa1+ 27. Kh2
Qe1 28. Kh3 Nf8 29. Qd2 Qxd2 30. Bxd2 f6 31. Bf1 Kf7 32. Kg4 Nd7 33. f5 Kg8
1/2-1/2

[Event "SR 3. liga A2 2016/2017"]
[Site "?"]
[Date "2016.10.16"]
[Round "1.5"]
[White "Sarmir, Milos"]
[Black "Skapikova, Lubica"]
[Result "0-1"]
[WhiteElo "2028"]
[BlackElo "1877"]
[PlyCount "40"]
[EventDate "2016.??.??"]

1. e4 e5 2. Nf3 Nc6 3. Bb5 a6 4. Ba4 Nf6 5. d3 b5 6. Bb3 Be7 7. Bd5 Bd6 8. Bg5
O-O 9. a4 Bb7 10. axb5 axb5 11. Nc3 b4 12. Nb5 Rxa1 13. Qxa1 Qe7 14. O-O Ra8
15. Qc1 Ra5 16. Nxd6 Qxd6 17. Bb3 h6 18. Bd2 Ra8 19. Nh4 Nd4 20. Bxh6 Ne2+ 0-1

[Event "SR 3. liga A2 2016/2017"]
[Site "?"]
[Date "2016.10.16"]
[Round "1.5"]
[White "Kir, Kvetoslav"]
[Black "Vagovsky, Jozef"]
[Result "1/2-1/2"]
[WhiteElo "1759"]
[BlackElo "1871"]
[PlyCount "35"]
[EventDate "2016.??.??"]

1. d4 Nf6 2. c4 e6 3. Nc3 Bb4 4. e3 b6 5. Nf3 Bb7 6. a3 Bxc3+ 7. bxc3 O-O 8.
Bd3 d6 9. O-O Nbd7 10. Qe2 d5 11. Bb2 dxc4 12. Bxc4 Ne4 13. Bd3 Ndf6 14. Ne5 c5
15. f3 Nd6 16. Rfd1 Qc7 17. Rac1 Rfd8 18. Bb1 1/2-1/2

[Event "SR 3. liga A2 2016/2017"]
[Site "?"]
[Date "2016.10.16"]
[Round "1.5"]
[White "Hornak, Pavol"]
[Black "Lauko, Tomas"]
[Result "1-0"]
[WhiteElo "1780"]
[BlackElo "1680"]
[PlyCount "57"]
[EventDate "2016.??.??"]

1. d4 Nf6 2. c4 e6 3. g3 d5 4. Bg2 Nc6 5. Nf3 b6 6. O-O Bb7 7. b3 Be7 8. Bb2 h5
9. cxd5 exd5 10. Nc3 Qd6 11. Rc1 Ne4 12. Nb5 Qd7 13. a4 f6 14. Nd2 Ng5 15. e4
dxe4 16. Nxe4 Na5 17. Nxc7+ Kf8 18. Nxg5 Bxg2 19. Nge6+ Kf7 20. Kxg2 h4 21. Qg4
h3+ 22. Kg1 Rag8 23. Ng5+ fxg5 24. Qxd7 Rh6 25. Rfe1 Nxb3 26. Qxe7+ Kg6 27.
Qe6+ Kh7 28. Qxb3 Rf8 29. d5 1-0

[Event "SR 3. liga A2 2016/2017"]
[Site "?"]
[Date "2016.10.16"]
[Round "1.5"]
[White "Zisek, Jaroslav"]
[Black "Kavuljak, Alojz"]
[Result "1/2-1/2"]
[WhiteElo "1799"]
[BlackElo "1688"]
[PlyCount "46"]
[EventDate "2016.??.??"]

1. c4 d6 2. Nc3 g6 3. g3 Bg7 4. Bg2 c6 5. e4 Nf6 6. Nge2 e5 7. O-O O-O 8. h3
Be6 9. d3 Qd7 10. Kh2 Na6 11. b3 Rad8 12. d4 exd4 13. Nxd4 Nc7 14. Be3 c5 15.
Nxe6 fxe6 16. Rc1 b6 17. Qd2 d5 18. exd5 exd5 19. cxd5 Ncxd5 20. Nxd5 Nxd5 21.
Rfd1 Nf6 22. Qxd7 Rxd7 23. Rxd7 Nxd7 1/2-1/2

[Event "SR 3. liga A2 2016/2017"]
[Site "?"]
[Date "2016.10.16"]
[Round "1.6"]
[White "Bisco, Igor"]
[Black "Takacs, Laszlo"]
[Result "1/2-1/2"]
[WhiteElo "2091"]
[BlackElo "2184"]
[PlyCount "45"]
[EventDate "2016.??.??"]

1. e4 c5 2. Nf3 e6 3. d4 cxd4 4. Nxd4 a6 5. Nc3 Qc7 6. Be2 Nf6 7. O-O Nc6 8.
Be3 Ne5 9. f4 Nc4 10. Bxc4 Qxc4 11. Qd3 b5 12. Nb3 Bb4 13. Bd4 Bb7 14. Rae1
Qxd3 15. cxd3 Rc8 16. Rc1 O-O 17. a3 Be7 18. Na2 d5 19. e5 Nd7 20. Na5 Ba8 21.
Nb4 Rxc1 22. Rxc1 Bd8 23. Nbc6 1/2-1/2

[Event "SR 3. liga A2 2016/2017"]
[Site "?"]
[Date "2016.10.16"]
[Round "1.6"]
[White "Cibulka, Vladimir"]
[Black "Malar, Pavol"]
[Result "1/2-1/2"]
[WhiteElo "2157"]
[BlackElo "2110"]
[PlyCount "41"]
[EventDate "2016.??.??"]

1. d4 e6 2. Nf3 f5 3. Nc3 Nf6 4. Bg5 Be7 5. Bxf6 Bxf6 6. e4 fxe4 7. Nxe4 d5 8.
Nxf6+ Qxf6 9. Qd2 O-O 10. O-O-O c5 11. dxc5 Nd7 12. Bd3 Nxc5 13. Rhe1 Bd7 14.
Qe3 Rac8 15. Rd2 b6 16. Ne5 Be8 17. g3 a5 18. f4 a4 19. a3 Nb3+ 20. Kb1 Nxd2+
21. Qxd2 1/2-1/2

[Event "SR 3. liga A2 2016/2017"]
[Site "?"]
[Date "2016.10.16"]
[Round "1.6"]
[White "Slamena, Michal"]
[Black "Merva, Frantisek"]
[Result "1-0"]
[WhiteElo "1966"]
[BlackElo "2100"]
[PlyCount "83"]
[EventDate "2016.??.??"]

1. e4 c6 2. Nc3 d5 3. Nf3 Bg4 4. h3 Bxf3 5. Qxf3 e6 6. d3 Bb4 7. Bd2 d4 8. Nb1
Bxd2+ 9. Nxd2 Qf6 10. Qg3 e5 11. Be2 Ne7 12. O-O Ng6 13. c3 c5 14. cxd4 cxd4
15. Rac1 Nc6 16. b4 Nxb4 17. Rc7 O-O 18. a3 Na2 19. Rxb7 Nc3 20. Re1 Rfb8 21.
Rxb8+ Rxb8 22. Bf1 Rb2 23. Nc4 Ra2 24. f3 h5 25. Kh2 Nf4 26. Kh1 Qe6 27. Kh2 f6
28. Kh1 Kf7 29. Kg1 g6 30. Kh1 Qa6 31. Rc1 Nce2 32. Bxe2 Nxe2 33. Qe1 Nxc1 34.
Qxc1 Kg7 35. f4 Qa4 36. fxe5 Qc2 37. exf6+ Kxf6 38. Qf4+ Kg7 39. Qe5+ Kh7 40.
Qe7+ Kh6 41. Qf8+ Kg5 42. h4+ 1-0

[Event "SR 3. liga A2 2016/2017"]
[Site "?"]
[Date "2016.10.16"]
[Round "1.6"]
[White "Rachela, Jozef"]
[Black "Skocik, Jozef"]
[Result "1/2-1/2"]
[WhiteElo "2016"]
[BlackElo "1856"]
[PlyCount "55"]
[EventDate "2016.??.??"]

1. e4 c5 2. Nf3 d6 3. d4 cxd4 4. Nxd4 Nf6 5. Nc3 a6 6. Be2 Qc7 7. Be3 Nbd7 8.
O-O b5 9. f3 Bb7 10. Qd2 e6 11. a4 bxa4 12. Nxa4 Be7 13. Rfd1 O-O 14. Nc3 Nb6
15. Nb3 d5 16. Qd4 Nfd7 17. exd5 Nxd5 18. Nxd5 exd5 19. Qd2 Nf6 20. Nd4 Rfe8
21. Bd3 Bd6 22. h3 Nh5 23. Nf5 Bh2+ 24. Kf2 Bc8 25. Bd4 Bxf5 26. Bxf5 Bg3+ 27.
Kg1 Bh2+ 28. Kf2 1/2-1/2

[Event "SR 3. liga A2 2016/2017"]
[Site "?"]
[Date "2016.10.16"]
[Round "1.6"]
[White "Drgon, Matus"]
[Black "Bugar, Peter"]
[Result "0-1"]
[WhiteElo "1810"]
[BlackElo "1880"]
[PlyCount "48"]
[EventDate "2016.??.??"]

1. d4 Nf6 2. c4 c5 3. Nf3 g6 4. Bf4 cxd4 5. Nxd4 e5 6. Bxe5 Qa5+ 7. Nc3 Qxe5 8.
e3 Bb4 9. Be2 O-O 10. O-O Bxc3 11. bxc3 Nc6 12. Rb1 d5 13. Rb5 a6 14. Rb6 Qc7
15. Rb2 dxc4 16. Nxc6 Qxc6 17. Qd4 Nd7 18. Bxc4 Qc5 19. Qe4 Ne5 20. Bb3 Rb8 21.
Rd1 Bf5 22. Qf4 Nd3 23. Rxd3 Bxd3 24. Bxf7+ Kg7 0-1

[Event "SR 3. liga A2 2016/2017"]
[Site "?"]
[Date "2016.10.16"]
[Round "1.6"]
[White "Matis, Tibor ml"]
[Black "Gajarsky, Roman"]
[Result "1/2-1/2"]
[WhiteElo "1719"]
[BlackElo "1727"]
[PlyCount "52"]
[EventDate "2016.??.??"]

1. e4 d6 2. d4 f5 3. Bd3 fxe4 4. Bxe4 Nf6 5. Bd3 e5 6. dxe5 dxe5 7. Bg5 Be6 8.
Qe2 Qd5 9. Bxf6 gxf6 10. Qf3 Qxf3 11. Nxf3 Nd7 12. Nbd2 Nc5 13. Bc4 Bf5 14.
O-O-O O-O-O 15. Nh4 Bd7 16. Rhe1 Bh6 17. Kb1 Bg4 18. Ndf3 Rxd1+ 19. Rxd1 Ne4
20. h3 Bd7 21. Rf1 Bg7 22. Bd3 Nd6 23. Re1 c5 24. Nd2 Kc7 25. Ne4 Nxe4 26. Bxe4
b6 1/2-1/2

[Event "SR 3. liga A2 2016/2017"]
[Site "?"]
[Date "2016.10.16"]
[Round "1.6"]
[White "Barca, Michal"]
[Black "Mezes, Kristof"]
[Result "1-0"]
[WhiteElo "1786"]
[BlackElo "1447"]
[PlyCount "55"]
[EventDate "2016.??.??"]

1. c4 e6 2. Nc3 d5 3. d4 Nf6 4. Nf3 c5 5. cxd5 exd5 6. Bf4 Nc6 7. e3 Bd6 8.
Bxd6 Qxd6 9. dxc5 Qxc5 10. Be2 O-O 11. O-O Be6 12. Rc1 Qb6 13. Na4 Qc7 14. Nd4
Rac8 15. Nxe6 fxe6 16. Nc5 Qe7 17. Bf3 Nb4 18. Qa4 b6 19. Nxe6 Qxe6 20. Qxb4
Rc6 21. Rxc6 Qxc6 22. Rd1 Rc8 23. Qb3 Rd8 24. e4 Kf8 25. e5 Ng8 26. Bxd5 Qd7
27. Qf3+ Ke8 28. Bc6 1-0

[Event "SR 3. liga A2 2016/2017"]
[Site "?"]
[Date "2016.10.16"]
[Round "1.6"]
[White "Minarik, Jozef"]
[Black "Janas, Peter"]
[Result "0-1"]
[WhiteElo "1000"]
[BlackElo "1680"]
[PlyCount "55"]
[EventDate "2016.??.??"]

1. e4 Nf6 2. e5 Nd5 3. d4 d6 4. Bc4 Nb6 5. Bd3 dxe5 6. dxe5 Nc6 7. f4 h5 8. h3
g6 9. Nf3 Nb4 10. Nc3 Nxd3+ 11. Qxd3 Qxd3 12. cxd3 a6 13. Be3 Bf5 14. O-O-O
O-O-O 15. d4 Bh6 16. b3 Nd5 17. Nxd5 Rxd5 18. Ng5 Bxg5 19. fxg5 Rhd8 20. Rd2 b6
21. Rf1 Be6 22. g4 hxg4 23. hxg4 Rh8 24. Rdf2 Rdd8 25. Rd1 Rh4 26. Rg1 Rh3 27.
Bd2 Rxd4 28. Bc3 0-1

[Event "SR 3. liga A2 2016/2017"]
[Site "?"]
[Date "2016.10.30"]
[Round "2.1"]
[White "Spacek, Oliver"]
[Black "Takacs, Laszlo"]
[Result "1-0"]
[WhiteElo "2100"]
[BlackElo "2184"]
[PlyCount "77"]
[EventDate "2016.??.??"]

1. d4 Nf6 2. Nf3 g6 3. c4 Bg7 4. Nc3 d6 5. g3 O-O 6. Bg2 Nc6 7. d5 Na5 8. Qd3
c5 9. O-O a6 10. e4 Rb8 11. Rb1 b5 12. b3 bxc4 13. bxc4 Rxb1 14. Nxb1 Bg4 15.
Nfd2 Qb6 16. Nb3 Rb8 17. N1d2 Bd7 18. Bb2 Ba4 19. Rb1 Bxb3 20. axb3 Nb7 21. f4
a5 22. Bh3 Rd8 23. e5 Ne8 24. Ne4 e6 25. dxe6 dxe5 26. exf7+ Kxf7 27. Ng5+ Kg8
28. Qe3 Nc7 29. Bxe5 Bxe5 30. fxe5 a4 31. e6 Nd6 32. e7 Re8 33. Be6+ Nxe6 34.
Qxe6+ Kg7 35. Rf1 Qxb3 36. Qf6+ Kh6 37. Qf8+ Kh5 38. Qf4 Nf5 39. g4+ 1-0

[Event "SR 3. liga A2 2016/2017"]
[Site "?"]
[Date "2016.10.30"]
[Round "2.1"]
[White "Cibulka, Vladimir"]
[Black "Hecko, Dusan"]
[Result "1-0"]
[WhiteElo "2157"]
[BlackElo "2070"]
[PlyCount "78"]
[EventDate "2016.??.??"]

1. d4 Nf6 2. Nf3 d6 3. Bf4 Bg4 4. Nbd2 e6 5. e4 Be7 6. Bd3 Nbd7 7. O-O O-O 8.
Re1 e5 9. Be3 c6 10. h3 Bxf3 11. Qxf3 exd4 12. Bxd4 Ne5 13. Qe3 Re8 14. Bf1 Qc7
15. Rad1 Nfd7 16. f4 Ng6 17. Qf3 b5 18. g3 Rad8 19. h4 Bf6 20. Nb3 a6 21. Bh3
Bxd4+ 22. Nxd4 Nb6 23. h5 Ne7 24. h6 c5 25. Nf5 Nxf5 26. Bxf5 f6 27. hxg7 Qxg7
28. Re2 d5 29. Kf2 dxe4 30. Rxd8 Rxd8 31. Qxe4 Na4 32. c3 Kf8 33. Bxh7 Nb6 34.
Bg6 Qd7 35. Bf5 Qd6 36. Be6 Re8 37. Qf5 Kg7 38. Qg4+ Kh8 39. f5 Re7 1-0

[Event "SR 3. liga A2 2016/2017"]
[Site "?"]
[Date "2016.10.30"]
[Round "2.1"]
[White "Nemeckay, Rastislav"]
[Black "Merva, Frantisek"]
[Result "0-1"]
[WhiteElo "2024"]
[BlackElo "2100"]
[PlyCount "104"]
[EventDate "2016.??.??"]

1. e4 c6 2. d4 d5 3. Nc3 dxe4 4. Nxe4 Bf5 5. Ng3 Bg6 6. Nf3 Nd7 7. Bd3 e6 8.
Bf4 Ngf6 9. O-O Be7 10. Ne5 Nd5 11. Nxg6 hxg6 12. Bc1 Bd6 13. Qf3 Qh4 14. h3
Bxg3 15. Qxg3 Qxd4 16. c3 Qh4 17. Qxh4 Rxh4 18. Re1 Kf8 19. Bd2 Re8 20. Re4
Rxe4 21. Bxe4 N7f6 22. Bc2 Rd8 23. Rd1 Nb6 24. b3 Nc8 25. f3 Ne7 26. Be3 Rxd1+
27. Bxd1 Nfd5 28. Bd2 c5 29. Bc2 Nc6 30. Kf2 Ke7 31. a3 Kd6 32. g3 c4 33. b4 a6
34. a4 a5 35. b5 Nb8 36. Be4 Nd7 37. Bxd5 Kxd5 38. Be3 Ne5 39. Bb6 Nd3+ 40. Ke2
Nb2 41. Bxa5 Nxa4 42. Bb4 e5 43. h4 f5 44. Kd2 Nc5 45. Ke3 Ne6 46. Kd2 Nc7 47.
Bf8 Nxb5 48. Bxg7 Nd6 49. g4 fxg4 50. fxg4 Ne4+ 51. Kc2 Ng3 52. Kd2 Ke4 0-1

[Event "SR 3. liga A2 2016/2017"]
[Site "?"]
[Date "2016.10.30"]
[Round "2.1"]
[White "Blaho, Stefan"]
[Black "Diviak, Rastislav"]
[Result "0-1"]
[WhiteElo "2014"]
[BlackElo "1973"]
[PlyCount "66"]
[EventDate "2016.??.??"]

1. d4 d5 2. Nf3 Nf6 3. Bf4 e6 4. e3 c5 5. c3 Nc6 6. Nbd2 Be7 7. Bd3 O-O 8. h4
cxd4 9. exd4 Bd6 10. Ne5 Qc7 11. Qe2 a6 12. Rh3 Ne7 13. h5 Nd7 14. Rg3 Nf5 15.
Bxf5 exf5 16. Bh6 Nxe5 17. Rxg7+ Kh8 18. dxe5 Bxe5 19. Rxh7+ Kxh7 20. Bxf8 Bd7
21. Ba3 Re8 22. Kd1 Ba4+ 23. b3 Bxc3 24. Qd3 Bxa1 25. Qxf5+ Kh8 26. bxa4 Qe5
27. Qd7 Qxh5+ 28. g4 Qe5 29. f4 Qe2+ 30. Kc2 Qe6 31. Qxb7 Rc8+ 32. Kd3 Rc3+ 33.
Kd4 Rb3+ 0-1

[Event "SR 3. liga A2 2016/2017"]
[Site "?"]
[Date "2016.10.30"]
[Round "2.1"]
[White "Ocko, Martin"]
[Black "Bugar, Peter"]
[Result "1-0"]
[WhiteElo "1899"]
[BlackElo "1880"]
[PlyCount "123"]
[EventDate "2016.??.??"]

1. e4 e6 2. Nf3 d5 3. e5 c5 4. b4 cxb4 5. a3 Nc6 6. axb4 Bxb4 7. c3 Be7 8. d4
Bd7 9. Bd3 Rc8 10. h4 a6 11. Ng5 Bxg5 12. hxg5 Nge7 13. Bd2 Ng6 14. f4 Nce7 15.
g4 h6 16. gxh6 Rxh6 17. Rxh6 gxh6 18. Qf3 Nh4 19. Qh3 Neg6 20. f5 exf5 21. gxf5
Qe7 22. Kf2 Nf8 23. Na3 Nh7 24. f6 Bxh3 25. fxe7 Bf5 26. Bxf5 Nxf5 27. Rb1 b5
28. Nc2 Kxe7 29. Nb4 Ke6 30. Nxa6 Rc6 31. Nc5+ Ke7 32. Rxb5 Ng5 33. Rb7+ Kf8
34. Nd7+ Kg7 35. Nf6 Ne4+ 36. Nxe4 dxe4 37. Be1 e3+ 38. Kf3 h5 39. Ke4 Kg6 40.
d5 Rc8 41. Rb6+ Kg5 42. Rf6 Nh6 43. d6 Re8 44. Rf3 f5+ 45. Kd5 Ng4 46. d7 Rd8
47. e6 Nf6+ 48. Kd6 Rxd7+ 49. exd7 Nxd7 50. Kxd7 f4 51. Rh3 Kg4 52. Rh4+ Kg5
53. c4 f3 54. c5 f2 55. Bxf2 exf2 56. Rh1 Kg4 57. c6 Kg3 58. c7 Kg2 59. Rb1
f1=Q 60. Rxf1 Kxf1 61. c8=Q Kg2 62. Qh8 1-0

[Event "SR 3. liga A2 2016/2017"]
[Site "?"]
[Date "2016.10.30"]
[Round "2.1"]
[White "Ulehla, Jakub"]
[Black "Mezes, Kristof"]
[Result "1-0"]
[WhiteElo "1650"]
[BlackElo "1447"]
[PlyCount "65"]
[EventDate "2016.??.??"]

1. e4 e6 2. d4 d5 3. Nd2 Nf6 4. e5 Nfd7 5. Bd3 c5 6. c3 Nc6 7. Ndf3 Qb6 8. Ne2
Be7 9. O-O O-O 10. Re1 f6 11. exf6 Nxf6 12. Nf4 cxd4 13. cxd4 Nb4 14. Bb1 Ng4
15. a3 Na6 16. Nxd5 exd5 17. Rxe7 Qd6 18. Re1 Rxf3 19. Qxf3 Qxh2+ 20. Kf1 Nc7
21. Bf4 Bd7 22. Bxc7 Qh1+ 23. Ke2 Re8+ 24. Be5 Bb5+ 25. Kd2 Qh6+ 26. Bf4 Qf6
27. Rxe8+ Bxe8 28. Qxg4 Qxd4+ 29. Ke1 Qb6 30. Be5 Qh6 31. Qxg7+ Qxg7 32. Bxg7
Kxg7 33. Ba2 1-0

[Event "SR 3. liga A2 2016/2017"]
[Site "?"]
[Date "2016.10.30"]
[Round "2.1"]
[White "Minarik, Jozef"]
[Black "Trojkova, Michaela"]
[Result "0-1"]
[WhiteElo "1000"]
[BlackElo "1703"]
[PlyCount "76"]
[EventDate "2016.??.??"]

1. e4 c5 2. Nf3 Nc6 3. d4 cxd4 4. Nxd4 g6 5. Nc3 Bg7 6. Nf3 Nf6 7. Be3 d6 8.
Be2 O-O 9. O-O Ng4 10. Qd2 Nxe3 11. Qxe3 Bg4 12. h3 Bxf3 13. Qxf3 Nd4 14. Qd3
Qa5 15. Rfb1 Rac8 16. Bf1 e6 17. Be2 Rc7 18. Bd1 Rfc8 19. Kh1 Qg5 20. Kg1 b5
21. Rc1 b4 22. Na4 Qa5 23. b3 Nxc2 24. Rab1 Ne1 25. Qd2 Rxc1 26. Rxc1 Rxc1 27.
Qxc1 Nd3 28. Qd2 Nc5 29. Nxc5 Qxc5 30. Be2 Bd4 31. Bc4 a5 32. Kf1 Qe5 33. f3
Bc3 34. Qd3 Qg3 35. Qe2 Qh2 36. Qf2 Qf4 37. Qc2 Qe3 38. Qd1 Bd4 0-1

[Event "SR 3. liga A2 2016/2017"]
[Site "?"]
[Date "2016.10.30"]
[Round "2.2"]
[White "Gasa, Andrej"]
[Black "Skreno, Vladimir"]
[Result "1-0"]
[WhiteElo "2284"]
[BlackElo "2216"]
[PlyCount "53"]
[EventDate "2016.??.??"]

1. e4 c5 2. Nf3 Nc6 3. d4 cxd4 4. Nxd4 e5 5. Nb5 a6 6. Nd6+ Bxd6 7. Qxd6 Qf6 8.
Qd1 Qg6 9. Nc3 Nge7 10. Be3 d5 11. exd5 Nb4 12. Bd3 Nxd3+ 13. Qxd3 Bf5 14. Qd2
Bxc2 15. O-O O-O 16. Bc5 Rfe8 17. Rfe1 f6 18. f4 Rac8 19. Ba3 Qf5 20. fxe5 fxe5
21. d6 Rxc3 22. Qxc3 Nc6 23. Qc4+ Kh8 24. Rf1 Qg6 25. d7 Rd8 26. Qf7 Bf5 27.
Rxf5 1-0

[Event "SR 3. liga A2 2016/2017"]
[Site "?"]
[Date "2016.10.30"]
[Round "2.2"]
[White "Bisco, Igor"]
[Black "Gasa, Patrik"]
[Result "1/2-1/2"]
[WhiteElo "2091"]
[BlackElo "2133"]
[PlyCount "88"]
[EventDate "2016.??.??"]

1. e4 c5 2. Nf3 e6 3. d4 cxd4 4. Nxd4 a6 5. Nc3 b5 6. Bd3 Qc7 7. Qe2 Bb7 8. a4
b4 9. Na2 Nc6 10. Nxc6 Qxc6 11. Bd2 a5 12. O-O Nf6 13. Rfe1 Bc5 14. c3 bxc3 15.
Nxc3 O-O 16. Rac1 d6 17. Be3 Rac8 18. Bxc5 Qxc5 19. h3 Qe5 20. Qe3 Bc6 21. Nb5
Bxb5 22. axb5 Qxb2 23. Rb1 Qe5 24. b6 Nd7 25. b7 Rb8 26. Rb5 Nc5 27. Reb1 Qc3
28. Rxc5 Qxc5 29. Qxc5 dxc5 30. Ba6 a4 31. Rc1 Rfd8 32. Rxc5 Kf8 33. Rc4 Ke7
34. Rxa4 Rd6 35. Kf1 Kd7 36. Ke2 Kc7 37. e5 Rc6 38. f4 Rc2+ 39. Kf3 Kb6 40. Ra3
Rc5 41. Bd3 h6 42. Be4 f5 43. exf6 gxf6 44. Ke3 Kc7 1/2-1/2

[Event "SR 3. liga A2 2016/2017"]
[Site "?"]
[Date "2016.10.30"]
[Round "2.2"]
[White "Sebesta, Radovan"]
[Black "Slamena, Michal"]
[Result "0-1"]
[WhiteElo "1998"]
[BlackElo "1966"]
[PlyCount "80"]
[EventDate "2016.??.??"]

1. d4 Nf6 2. c4 c5 3. d5 b5 4. cxb5 a6 5. bxa6 Bxa6 6. Nc3 d6 7. e4 Bxf1 8.
Kxf1 g6 9. Nf3 Bg7 10. g3 O-O 11. Kg2 Nbd7 12. Qc2 Ra6 13. Bg5 Qa8 14. h4 h6
15. Bf4 Rb8 16. Rab1 Ng4 17. a4 Nb6 18. b3 c4 19. bxc4 Nxc4 20. Rxb8+ Qxb8 21.
Nb5 Qb6 22. Rf1 Nce5 23. Nxe5 Nxe5 24. Rb1 Qa5 25. Qc8+ Kh7 26. Nc7 Qxa4 27.
Re1 Nd3 28. Re3 Nxf4+ 29. gxf4 Ra7 30. Qb8 Bd4 31. Rf3 Qd1 32. Qf8 Ra1 33.
Qxf7+ Bg7 34. f5 Qh1+ 35. Kg3 Rg1+ 36. Kf4 g5+ 37. hxg5 hxg5+ 38. Ke3 Re1+ 39.
Kd2 Rd1+ 40. Kc2 Rc1+ 0-1

[Event "SR 3. liga A2 2016/2017"]
[Site "?"]
[Date "2016.10.30"]
[Round "2.2"]
[White "Skocik, Jozef"]
[Black "Palka, Miroslav"]
[Result "0-1"]
[WhiteElo "1856"]
[BlackElo "1929"]
[PlyCount "102"]
[EventDate "2016.??.??"]

1. e4 c5 2. Nc3 g6 3. Nge2 Bg7 4. d4 cxd4 5. Nxd4 Nc6 6. Be3 Nf6 7. Be2 O-O 8.
Qd2 d6 9. O-O-O Nxd4 10. Bxd4 Be6 11. f3 Qa5 12. Kb1 Rfc8 13. Nd5 Qxd2 14. Rxd2
Nxd5 15. Bxg7 Nb4 16. c3 Bxa2+ 17. Ka1 Kxg7 18. cxb4 Be6 19. Rhd1 Bc4 20. Bxc4
Rxc4 21. e5 dxe5 22. Rd7 Rd4 23. R1xd4 exd4 24. Rxd4 Kf6 25. Rd7 Rb8 26. Ka2
Ke6 27. Rc7 Kd6 28. Rc4 h5 29. Kb3 Rd8 30. Rd4+ Kc7 31. Rc4+ Kb6 32. Kc2 Rd7
33. Re4 e6 34. Rf4 Kc6 35. Rc4+ Kd5 36. Kd3 Ke5+ 37. Ke3 f5 38. Rc5+ Kf6 39.
Ra5 b6 40. Ra3 e5 41. g3 g5 42. Rc3 f4+ 43. Ke2 Rd4 44. Rb3 Kf5 45. b5 e4 46.
fxe4+ Kxe4 47. gxf4 Kxf4 48. Rf3+ Ke5 49. Rf7 Rb4 50. Rxa7 Rxb2+ 51. Ke3 Rxb5
0-1

[Event "SR 3. liga A2 2016/2017"]
[Site "?"]
[Date "2016.10.30"]
[Round "2.2"]
[White "Palka, Martin"]
[Black "Gajarsky, Roman"]
[Result "1/2-1/2"]
[WhiteElo "1883"]
[BlackElo "1727"]
[PlyCount "33"]
[EventDate "2016.??.??"]

1. c4 e5 2. Nc3 c5 3. g3 Nc6 4. Bg2 f5 5. d3 d6 6. Nf3 Be7 7. Nd5 Be6 8. Nxe7
Ngxe7 9. Bd2 h6 10. Bc3 Qc7 11. Qa4 O-O 12. O-O Rae8 13. a3 Nd4 14. Rfe1 Nec6
15. e3 Nxf3+ 16. Bxf3 a6 17. Rab1 1/2-1/2

[Event "SR 3. liga A2 2016/2017"]
[Site "?"]
[Date "2016.10.30"]
[Round "2.2"]
[White "Barca, Michal"]
[Black "Lauko, Tomas"]
[Result "0-1"]
[WhiteElo "1786"]
[BlackElo "1680"]
[PlyCount "96"]
[EventDate "2016.??.??"]

1. c4 e5 2. Nc3 Bc5 3. Nf3 Nc6 4. g3 Nf6 5. Bg2 d6 6. O-O a6 7. d3 h6 8. a3 Nd4
9. Nxd4 Bxd4 10. e3 Bxc3 11. bxc3 c6 12. Qb3 Qc7 13. a4 O-O 14. Rb1 Rb8 15. Ba3
Re8 16. Qb6 Qxb6 17. Rxb6 Nd7 18. Rb2 c5 19. Rfb1 b6 20. a5 Bb7 21. Bh3 Rbd8
22. Bxd7 Rxd7 23. Rxb6 Bf3 24. Kf1 d5 25. Bxc5 dxc4 26. d4 exd4 27. Bxd4 Kh7
28. Rxa6 Re4 29. Ra7 Rexd4 30. exd4 Rxa7 31. Rb5 Re7 32. a6 Kg6 33. g4 Re6 34.
Ra5 Rb6 35. Ra1 Rb3 36. a7 Ba8 37. Ra6+ Kg5 38. d5 Rxc3 39. Ke2 Kf4 40. Rc6 Ra3
41. Rxc4+ Ke5 42. Rc7 Bxd5 43. Rc8 Bf3+ 44. Kd2 Rxa7 45. h3 Bg2 46. Rc3 Ra2+
47. Ke3 Bxh3 48. Kf3 Ra4 0-1

[Event "SR 3. liga A2 2016/2017"]
[Site "?"]
[Date "2016.10.30"]
[Round "2.2"]
[White "Havlicek, Peter"]
[Black "Janas, Peter"]
[Result "0-1"]
[WhiteElo "1742"]
[BlackElo "1680"]
[PlyCount "56"]
[EventDate "2016.??.??"]

1. e4 d6 2. d4 g6 3. Nf3 Bg7 4. c3 Nf6 5. Bd3 O-O 6. h3 Nbd7 7. Be3 e5 8. Qd2
a6 9. Bh6 b5 10. Bxg7 Kxg7 11. O-O Bb7 12. d5 Nc5 13. Re1 Nxd3 14. Qxd3 Nh5 15.
Nbd2 Nf4 16. Qe3 f5 17. exf5 Rxf5 18. Ne4 Nxd5 19. Qd3 Nf4 20. Qc2 Nxh3+ 21.
Kf1 Nf4 22. Ng3 Rf7 23. Re3 Qe7 24. c4 bxc4 25. Qxc4 a5 26. Qc3 Nd5 27. Qd2
Nxe3+ 28. Qxe3 Bxf3 0-1

[Event "SR 3. liga A2 2016/2017"]
[Site "?"]
[Date "2016.10.30"]
[Round "2.2"]
[White "Tupy, Bystrik"]
[Black "Dest, Stanislav"]
[Result "1/2-1/2"]
[WhiteElo "1702"]
[BlackElo "1402"]
[PlyCount "72"]
[EventDate "2016.??.??"]

1. e4 e5 2. Nf3 d6 3. Bc4 Be7 4. Nc3 Nf6 5. d4 exd4 6. Qxd4 Nc6 7. Qd3 O-O 8.
O-O Bg4 9. Bg5 a6 10. a3 Bxf3 11. Qxf3 Ne5 12. Qe2 Nxc4 13. Qxc4 Rc8 14. f4 c6
15. Rad1 b5 16. Qd3 Qb6+ 17. Kh1 Rcd8 18. Rf3 Qc7 19. Rh3 h6 20. Bxh6 Ne8 21.
Bxg7 Nxg7 22. e5 f6 23. exf6 Bxf6 24. Qg6 d5 25. f5 Qe5 26. Rf1 d4 27. Nd1 Rd6
28. Rhf3 Rfd8 29. Qg4 d3 30. cxd3 Rxd3 31. Nc3 Rxf3 32. Qxf3 Qe8 33. g4 Bxc3
34. bxc3 Qd7 35. f6 Ne6 36. f7+ Kf8 1/2-1/2